Dilli - nagaravum adhikaravum malayala novelukalil : (Record no. 75530)

MARC details
000 -LEADER
fixed length control field 01180nam a22002657a 4500
003 - CONTROL NUMBER IDENTIFIER
control field OSt
005 - DATE AND TIME OF LATEST TRANSACTION
control field 20220209120022.0
008 - FIXED-LENGTH DATA ELEMENTS--GENERAL INFORMATION
fixed length control field 220117b |||||||| |||| 00| 0 eng d
020 ## - INTERNATIONAL STANDARD BOOK NUMBER
Collection Number T206
040 ## - CATALOGING SOURCE
Transcribing agency STCPL
041 ## - LANGUAGE CODE
Language code of text/sound track or separate title Malayalam
082 ## - DEWEY DECIMAL CLASSIFICATION NUMBER
Classification number 894.812
Item number SUJ-D
100 ## - MAIN ENTRY--PERSONAL NAME
Personal name Suja Chacko
110 ## - GUIDE
Theses guided by Guided by Jose Parakadavil
111 ## - REARCH CENTRE
University and Center Mahatma Gandhi University Kottayam department of Malayalam St Thomas College Palai
245 ## - TITLE STATEMENT
Title Dilli - nagaravum adhikaravum malayala novelukalil :
Remainder of title O.V. Vijayan, V.K.N., M. Mukundan, Anand ennivarude kruthikale aadharamakkiyulla padanam /
Statement of responsibility, etc. by Suja Chacko
Title in other language ദില്ലി - നഗരവും അധികാരവും മലയാള നോവലുകളിൽ : ഒ.വി. വിജയൻ, വി.കെ.എൻ., എം. മുകുന്ദൻ, ആനന്ദ് എന്നിവരുടെ കൃതികളെ ആധാരമാക്കിയുള്ള പഠനം
260 ## - PUBLICATION, DISTRIBUTION, ETC.
Place of publication, distribution, etc. Pala :
Date of publication, distribution, etc. December 2018
300 ## - PHYSICAL DESCRIPTION
Extent 280 p.
Other physical details Hard Back
650 ## - SUBJECT ADDED ENTRY--TOPICAL TERM
Topical term Malayalam
856 ## - ELECTRONIC LOCATION AND ACCESS
Uniform Resource Identifier <a href="https://shodhganga.inflibnet.ac.in/handle/10603/273392">https://shodhganga.inflibnet.ac.in/handle/10603/273392</a>
942 ## - ADDED ENTRY ELEMENTS (KOHA)
Koha item type Theses
942 ## - ADDED ENTRY ELEMENTS (KOHA)
Suppress in OPAC No
Source of classification or shelving scheme Dewey Decimal Classification
942 ## - ADDED ENTRY ELEMENTS (KOHA)
Source of classification or shelving scheme Dewey Decimal Classification
Suppress in OPAC No
942 ## - ADDED ENTRY ELEMENTS (KOHA)
Source of classification or shelving scheme Dewey Decimal Classification
Suppress in OPAC No
Holdings
Withdrawn status Lost status Source of classification or shelving scheme Damaged status Not for loan Collection code Home library Current library Shelving location Date acquired Total Checkouts Full call number Barcode Date last seen Price effective from Koha item type
    Dewey Decimal Classification     Malayalam ST. THOMAS COLLEGE LIBRARY, PALAI ST. THOMAS COLLEGE LIBRARY, PALAI Theses 2022-01-17   894.812 SUJ-D T206 2022-01-17 2022-01-17 Theses
Rights reserved ©2021 ST. THOMAS COLLEGE LIBRARY
A joint venture of - St. Thomas College Library and
Department of Computer Science, St. Thomas Collge Palai